Apex Legends - Toutes les légendes - Statistiques

Statistiques générales
  • Ce quiz a été pris 1 718 fois
    1 280 depuis la dernière actualisation
  • Le résultat moyen est 20 sur 26
Statistiques - réponses
Catégorie : Légende : % Correct
Escarmouche Octane
93%
Soutien Lifeline
92%
Assault Bangalore
89%
Contrôle Caustic
86%
Soutien Gibraltar
85%
Escarmouche Wraith
85%
Reconnaissance Bloodhound
84%
Escarmouche Pathfinder
84%
Soutien Mirage
82%
Contrôle Wattson
82%
Assault Fuse
79%
Escarmouche Revenant
79%
Reconnaissance Crypto
78%
Contrôle Rampart
76%
Assault Ash
75%
Soutien Loba
73%
Escarmouche Valkyrie
73%
Escarmouche Horizon
71%
Reconnaissance Seer
71%
Soutien New Castle
67%
Assault Mad Maggie
66%
Contrôle Catalyst
61%
Reconnaissance Vantage
60%
Assault Ballistic
57%
Soutien Conduit
57%
Escarmouche Alter
53%
Aucun quiz correspondant
Distribution des résultats
% des personnes avec chaque résultat
Percentile par nombre de réponses
Votre historique - résultats
Vous n’avez pas pris ce quiz depuis la dernière actualisation